00741 a2200181 4500020002800000040001300028082001500041100002100056245005000077260003600127300002900163440004200192650003600234650003200270856008700302856009500389856007500484 a0071409874 (alk. paper) aDLCbDLC00a384.54/5241 aMaitra, Amit K.,10aWireless spectrum managementcAmit K. Maitra. aNew York :bMcGraw-Hill,c2004. a373 p. :bill. ;c24 cm. 0aMcGraw-Hill professional engineering. 0aWireless communication systems. 0aRadio frequency allocation.423Publisher descriptionuhttp://www.loc.gov/catdir/description/mh051/2004057924.html423Contributor biographical informationuhttp://www.loc.gov/catdir/bios/mh051/2004057924.html423Table of contentsuhttp://www.loc.gov/catdir/toc/mh051/2004057924.html